000 00423nam a2200181Ia 4500
001 19772
005 20260306172717.0
008 260306t2017||||xx |||||||||||||| ||spa||
041 _aESP
082 _a341.1
_bC28
100 _aCarnelutti, Francesco
_eAUT
245 0 _aCómo se hace un proceso
260 _c2017
300 _a159 páginas :
_c16 cm.
650 _aGEN
654 _aCDE
942 _cLIB
_dJUS
_fJUS
_2ddc
_n
999 _c19772
_d19772